00393nam a22001337a 45000050016000000200025000160370013000410820006000542450060000602500015001202600027001352700063001623000034002252012011600430.0 a9788189020323c80.00 aDPLbPUB aS aThe sky queen /c prestnted by Mamang dai; art by Srivi a2nd (repr) aNew DelhibKathac2009 aA3 Sarvodaya Enclave, Sri Aurbindo MargbNew Delhie110017 aunpaged.bcol.illc20cm (pbk)